Score 0/30 Timer 10:00
0 Plays Today
Author Title % Correct
Peter BenchleyJaws
70%
Mario PuzoThe Godfather
67.8%
Anthony BurgessA Clockwork Orange
62.1%
John SteinbeckThe Grapes of Wrath
60.3%
Margaret MitchellGone with the Wind
45.9%
Stephen KingCarrie
45.3%
Robert BlochPsycho
43.8%
Cormac McCarthyNo Country for Old Men
43.4%
Chuck PalahniukFight Club
41.3%
James Fenimore CooperThe Last of the Mohicans
41%
Roald DahlFantastic Mr. Fox
33.1%
Irvine WelshTrainspotting
27.7%
Dashiell HammettThe Maltese Falcon
26.9%
Ira LevinRosemary's Baby
24.7%
William GoldmanThe Princess Bride
22.7%
Author Title % Correct
Winston GroomForrest Gump
20.8%
Dennis LehaneShutter Island
17.4%
Christopher PriestThe Prestige
15.6%
Robert HeinleinStarship Troopers
15.3%
J.G. BallardCrash
15%
Milan KunderaThe Unbearable Lightness of Being
14.5%
James EllroyL.A. Confidential
14.3%
Philip K. DickA Scanner Darkly
13.1%
Charles WebbThe Graduate
13%
Elmore LeonardOut of Sight
8%
James M. CainDouble Indemnity
7.3%
Pierre BoullePlanet of the Apes
7%
Richard CondonThe Manchurian Candidate
6.3%
Davis GrubbThe Night of the Hunter
5.6%
Gregory McdonaldFletch
2.7%
Remove Ads.
Support Sporcle.
Get the best of Sporcle when you Go Orange. This ad-free experience offers more features, more stats, and more fun while also helping to support Sporcle. Thank you for becoming a member.

You're not logged in!

Compare scores with friends on all Sporcle quizzes.
OR
Log In

Sporcle TV

Today on Sporcle TV


Watch our educational content, quiz creation guides, and fun videos on Sporcle TV.

Show Comments

Extras

Top Quizzes Today


Score Distribution

Paid Content

Your Account Isn't Verified!

In order to create a playlist on Sporcle, you need to verify the email address you used during registration. Go to your Sporcle Settings to finish the process.

Report this User

Report this user for behavior that violates our Community Guidelines.

Details: